00477npc a2200169Ia 4500001001400000003001000014008004100024040002500065041000700090100001100097245006300108250001100171260002300182300001200205500008000217650001000297ist128-38348 IT-MiCISF161014s9999||||xx | und|| aIT-MiCISFcIT-MiCISF ait aAA.VV. 0aDecessi: caratteristiche demografiche e socialibAnno 1999 a1a ed. a RomabIstatc2002 app. 123 aIstituto Nazionale di Statistica / mortalità€, statistica, comparazione /  amorte